Normal view
MARC view
- ADLER, M.J,GORMAN, W
Entry Personal Name
001 - CONTROL NUMBER
- control field: 76477
003 - CONTROL NUMBER IDENTIFIER
- control field: NUST
005 - DATE AND TIME OF LATEST TRANSACTION
- control field: 20210628205645.0
008 - FIXED-LENGTH DATA ELEMENTS
- fixed length control field: 210628|| aca||aabn | a|a d
040 ## - CATALOGING SOURCE
- Original cataloging agency: NUST
- Transcribing agency: NUST
100 ## - HEADING--PERSONAL NAME
- Personal name: ADLER, M.J,GORMAN, W
670 ## - SOURCE DATA FOUND
- Source citation: Work cat.: (NUST): ADLER, M.J,GORMAN, W, THE GREAT IDEAS 2 3 A SYNTOPICON OF GREAT BOOKS OF THE WESTERN WORLD, 1952
